NCAA Logo #10 - Statistics

General Stats
  • This quiz has been taken 34 times
  • The average score is 10 of 16
Answer Stats
Picture Answer % Correct
Arizona State
100%
Army
95%
Georgetown
95%
Oklahoma
95%
Old Dominion
95%
Central Michigan
86%
Toledo
86%
Colgate
81%
Iona
57%
Delaware State
43%
Fairleigh Dickinson
29%
Wright State
29%
Houston Baptist
19%
Indiana Purdue Indianapolis
19%
North Carolina-Ashville
19%
Rensselaer Polytechnic Institute
14%
No matching quizzes found
Score Distribution
Percent of People with Each Score
Percentile by Number Answered
Your Score History
You have not taken this quiz